<?xml version="1.0" encoding="UTF-8"?>
<record
    xmlns:xsi="http://www.w3.org/2001/XMLSchema-instance"
    xsi:schemaLocation="http://www.loc.gov/MARC21/slim http://www.loc.gov/standards/marcxml/schema/MARC21slim.xsd"
    xmlns="http://www.loc.gov/MARC21/slim">

  <leader>01031nas a2200289 i 4500</leader>
  <controlfield tag="001">000037118</controlfield>
  <controlfield tag="003">DO-SdBNP</controlfield>
  <controlfield tag="005">20260203150422.0</controlfield>
  <controlfield tag="007">ta</controlfield>
  <controlfield tag="008">120216c2005    dr qr1p|dd   ||   |0spa d</controlfield>
  <datafield tag="040" ind1=" " ind2=" ">
    <subfield code="a">DO-SdBNP</subfield>
    <subfield code="b">spa</subfield>
    <subfield code="c">BNPHU</subfield>
    <subfield code="e">rda</subfield>
  </datafield>
  <datafield tag="041" ind1=" " ind2=" ">
    <subfield code="h">spa</subfield>
  </datafield>
  <datafield tag="043" ind1=" " ind2=" ">
    <subfield code="a">nwdr</subfield>
  </datafield>
  <datafield tag="110" ind1=" " ind2=" ">
    <subfield code="a">Seguro Nacional de Salud (SENASA)</subfield>
    <subfield code="9">80927</subfield>
  </datafield>
  <datafield tag="245" ind1="0" ind2="0">
    <subfield code="a">Seguro Nacional de Salud (SENASA).</subfield>
  </datafield>
  <datafield tag="246" ind1=" " ind2=" ">
    <subfield code="a">Bolet&#xED;n informativo.</subfield>
  </datafield>
  <datafield tag="264" ind1=" " ind2=" ">
    <subfield code="a">Santo Domingo, Rep&#xFA;blica Dominicana :</subfield>
    <subfield code="b">Seguro Nacional de Salud (Senasa),</subfield>
    <subfield code="c">2005.</subfield>
  </datafield>
  <datafield tag="300" ind1=" " ind2=" ">
    <subfield code="a">volumen :</subfield>
    <subfield code="b">ilustraciones, fotograf&#xED;as ;</subfield>
    <subfield code="c">28 cm.</subfield>
  </datafield>
  <datafield tag="310" ind1=" " ind2=" ">
    <subfield code="a">Trimestral.</subfield>
  </datafield>
  <datafield tag="336" ind1=" " ind2=" ">
    <subfield code="a">texto</subfield>
    <subfield code="b">txt</subfield>
    <subfield code="2">rdacontent</subfield>
  </datafield>
  <datafield tag="337" ind1=" " ind2=" ">
    <subfield code="a">sin mediaci&#xF3;n </subfield>
    <subfield code="b">n</subfield>
    <subfield code="2">rdamedia</subfield>
  </datafield>
  <datafield tag="338" ind1=" " ind2=" ">
    <subfield code="a">volumen </subfield>
    <subfield code="b">nc </subfield>
    <subfield code="2">rdacarrier</subfield>
  </datafield>
  <datafield tag="362" ind1="1" ind2=" ">
    <subfield code="a">A&#xF1;o 1. no. 3 (octubre-diciembre 2005).</subfield>
  </datafield>
  <datafield tag="500" ind1=" " ind2=" ">
    <subfield code="a">Catalogaci&#xF3;n basada en el ejemplar: A&#xF1;o 1. No. 3 (octubre-diciembre 2005). </subfield>
  </datafield>
  <datafield tag="650" ind1=" " ind2="0">
    <subfield code="a">Seguros de salud</subfield>
    <subfield code="x">Bolet&#xED;n informativo</subfield>
    <subfield code="v">Publicaciones peri&#xF3;dicas </subfield>
    <subfield code="z">Rep&#xFA;blica Dominicana</subfield>
    <subfield code="9">17539</subfield>
  </datafield>
  <datafield tag="942" ind1=" " ind2=" ">
    <subfield code="2">ddc</subfield>
    <subfield code="c">ISSUE</subfield>
  </datafield>
  <datafield tag="952" ind1=" " ind2=" ">
    <subfield code="0">0</subfield>
    <subfield code="1">0</subfield>
    <subfield code="2">ddc</subfield>
    <subfield code="4">0</subfield>
    <subfield code="5">6</subfield>
    <subfield code="7">0</subfield>
    <subfield code="8">SE</subfield>
    <subfield code="a">PD</subfield>
    <subfield code="b">PD</subfield>
    <subfield code="d">2012-04-16</subfield>
    <subfield code="e">4</subfield>
    <subfield code="h">A&#xF1;o 1. No. 3 (octubre-diciembre 2005)</subfield>
    <subfield code="i">201204162012041620111114</subfield>
    <subfield code="l">0</subfield>
    <subfield code="p">37118</subfield>
    <subfield code="r">2020-08-08</subfield>
    <subfield code="t">e.1</subfield>
    <subfield code="w">2020-08-08</subfield>
    <subfield code="y">ISSUE</subfield>
    <subfield code="z">Senasa super&#xF3; meta del a&#xF1;o 2005</subfield>
  </datafield>
  <datafield tag="952" ind1=" " ind2=" ">
    <subfield code="0">0</subfield>
    <subfield code="1">0</subfield>
    <subfield code="2">ddc</subfield>
    <subfield code="4">0</subfield>
    <subfield code="5">6</subfield>
    <subfield code="7">0</subfield>
    <subfield code="8">SE</subfield>
    <subfield code="a">BNPHU</subfield>
    <subfield code="b">BNPHU</subfield>
    <subfield code="d">2026-02-03</subfield>
    <subfield code="h">A&#xF1;o 3. No. 1 (enero-mayo 2007)</subfield>
    <subfield code="l">0</subfield>
    <subfield code="p">2026-0677</subfield>
    <subfield code="r">2026-02-03</subfield>
    <subfield code="t">e.1</subfield>
    <subfield code="w">2026-02-03</subfield>
    <subfield code="y">ISSUE</subfield>
    <subfield code="z">Listo para iniciar plan servicios de salud.</subfield>
  </datafield>
  <datafield tag="952" ind1=" " ind2=" ">
    <subfield code="0">0</subfield>
    <subfield code="1">0</subfield>
    <subfield code="2">ddc</subfield>
    <subfield code="4">0</subfield>
    <subfield code="5">6</subfield>
    <subfield code="7">0</subfield>
    <subfield code="8">SE</subfield>
    <subfield code="a">BNPHU</subfield>
    <subfield code="b">BNPHU</subfield>
    <subfield code="d">2026-02-03</subfield>
    <subfield code="h">A&#xF1;o 3. No. 1 (enero-mayo 2007)</subfield>
    <subfield code="l">0</subfield>
    <subfield code="p">2026-0678</subfield>
    <subfield code="r">2026-02-03</subfield>
    <subfield code="t">e.2</subfield>
    <subfield code="w">2026-02-03</subfield>
    <subfield code="y">ISSUE</subfield>
    <subfield code="z">Listo para iniciar plan servicios de salud.</subfield>
  </datafield>
  <datafield tag="952" ind1=" " ind2=" ">
    <subfield code="0">0</subfield>
    <subfield code="1">0</subfield>
    <subfield code="2">ddc</subfield>
    <subfield code="4">0</subfield>
    <subfield code="5">6</subfield>
    <subfield code="7">0</subfield>
    <subfield code="8">SE</subfield>
    <subfield code="a">BNPHU</subfield>
    <subfield code="b">BNPHU</subfield>
    <subfield code="d">2026-02-03</subfield>
    <subfield code="h">A&#xF1;o 3. No. 2 (julio-diciermbre 2007)</subfield>
    <subfield code="l">0</subfield>
    <subfield code="p">2026-0679</subfield>
    <subfield code="r">2026-02-03</subfield>
    <subfield code="t">e.1</subfield>
    <subfield code="w">2026-02-03</subfield>
    <subfield code="y">ISSUE</subfield>
    <subfield code="z">Misi&#xF3;n cumplida: 1,000,000 de afiliados subsidiados.</subfield>
  </datafield>
  <datafield tag="952" ind1=" " ind2=" ">
    <subfield code="0">0</subfield>
    <subfield code="1">0</subfield>
    <subfield code="2">ddc</subfield>
    <subfield code="4">0</subfield>
    <subfield code="5">6</subfield>
    <subfield code="7">0</subfield>
    <subfield code="8">SE</subfield>
    <subfield code="a">BNPHU</subfield>
    <subfield code="b">BNPHU</subfield>
    <subfield code="d">2026-02-03</subfield>
    <subfield code="h">A&#xF1;o 4. No. 1 (enero-agosto 2008)</subfield>
    <subfield code="l">0</subfield>
    <subfield code="p">2026-0680</subfield>
    <subfield code="r">2026-02-03</subfield>
    <subfield code="t">e.1</subfield>
    <subfield code="w">2026-02-03</subfield>
    <subfield code="y">ISSUE</subfield>
    <subfield code="z">Listos para recibir empleados del estado. </subfield>
  </datafield>
  <datafield tag="952" ind1=" " ind2=" ">
    <subfield code="0">0</subfield>
    <subfield code="1">0</subfield>
    <subfield code="2">ddc</subfield>
    <subfield code="4">0</subfield>
    <subfield code="5">6</subfield>
    <subfield code="7">0</subfield>
    <subfield code="8">SE</subfield>
    <subfield code="a">BNPHU</subfield>
    <subfield code="b">BNPHU</subfield>
    <subfield code="d">2026-02-03</subfield>
    <subfield code="h">A&#xF1;o 4. No. 1 (enero-agosto 2008)</subfield>
    <subfield code="l">0</subfield>
    <subfield code="p">2026-0681</subfield>
    <subfield code="r">2026-02-03</subfield>
    <subfield code="t">e.2</subfield>
    <subfield code="w">2026-02-03</subfield>
    <subfield code="y">ISSUE</subfield>
    <subfield code="z">Listos para recibir empleados del estado. </subfield>
  </datafield>
  <datafield tag="999" ind1=" " ind2=" ">
    <subfield code="c">36608</subfield>
    <subfield code="d">36608</subfield>
  </datafield>
</record>
